Didáctica de la historia y de la geografía /

Guardado en:
Autor Principal: Leif, J.
Otros Autores: Rustin, G.
Formato: Libro
Publicado: Argentina : Kapelusz, 1961
Series:Bibl. de Cultura Pedagógica
Materias:
Etiquetas: Agregar Etiqueta
Sin Etiquetas, Sea el primero en etiquetar este registro!
LEADER 00593nam a22002055a 4500
001 CEM.cems003805
005 19000101000000.0
008 130507s1961##################000#0#####d
003 CEMS
082 0 4 |a 372.89L53 
100 1 |a Leif, J. 
245 1 0 |a Didáctica de la historia y de la geografía / 
260 |a Argentina :  |b Kapelusz,  |c 1961 
300 |a 142 p. 
490 0 |a Bibl. de Cultura Pedagógica 
653 |a Didactica de la geografia 
653 |a Didactica de la historia 
653 |a Educacion 
700 1 |a Rustin, G. 
859 |a CEMS  |b BIB. CEMS - 11 de abril  |h 372.89L53  |i L532  |p 8080.80  |t Ej.1